00684 a2200157 45000010006000000050017000060080041000230030015000640400040000790800045001192450050001642640051002143000019002655050217002841000025005014679420260407155738.0260407a1977 arg spa dAR-UNSa-BCEJYS aAR-UNSa-BCEJYSbspacAR-UNSa-BCEJYS a369.5xSeguro de vejez (de jubilación)10aRégimen jubilatorio del trabajo subordinado 1aBuenos Aires :bVíctor P. de Zavalíac1977 a166 p.c23 cm. a1. Estructura de la seguridad social – 2. Estructura, tipos jubilatorios, pensiones – 3. Haberes previsionales – 4. Deberes previsionales – 5. Órganos previsionales – 6. Interpretación previsional. 1 aCapon Filas, Rodolfo